| 000 | 00746nam a2200217Ia 4500 | ||
|---|---|---|---|
| 003 | GCL | ||
| 008 | 140319s9999 xx 000 0 ara d | ||
| 040 |
_aGCL / _cGCL |
||
| 082 | 0 | 4 |
_a956.04 _bس ب |
| 100 | 1 | _aمحمد حسنين هيكل | |
| 245 | 1 | 0 |
_aبالسيف اميركا واسرائيل فى الشرق الاوسط 1968م - 1986م / _cمحمد حسنين هيكل |
| 700 | 1 | _aمحمود زايد (مترجم) | |
| 700 | 1 | _aستيفن، غرين | |
| 300 | _a310 ص | ||
| 490 |
_aالهيئة العامة للاستعلامات _v0 |
||
| 650 | 0 | 4 | _aالولايات المتحدة الامريكية |
| 650 | 0 | 4 | _aالشرق الاوسط |
| 650 | 0 | 4 | _aاسرائيل |
| 650 | 0 | 4 | _aحرب الاستنزاف |
| 942 |
_2ddc _cBK |
||
| 999 |
_c48174 _d48174 |
||